[Event "Wch Seniors 65 26th"]
[Site "Marianske Lazne"]
[Date "2016.11.27"]
[Round "8"]
[White "Freeke, Kees"]
[Black "Bernhoeft, Erhard"]
[Result "0-1"]
[WhiteElo "1791"]
[BlackElo "1962"]
[PlyCount "52"]
[EventDate "2016.11.19"]
[EventType "swiss"]
[EventRounds "11"]
[EventCountry "CZE"]
[SourceTitle "CBM 175 Extra"]
[Source "ChessBase"]
[SourceDate "2016.12.12"]
[SourceVersion "1"]
[SourceVersionDate "2016.12.12"]
[SourceQuality "1"]

1. f4 g6 2. Nf3 Bg7 3. e3 d6 4. Be2 e5 5. fxe5 dxe5 6. Nc3 Ne7 7. e4 Nbc6 8. d3 Nd4 9. Be3 f5 10. Qd2 0-0 11. 0-0-0 f4 12. Bf2 c5 13. Kb1 Rb8 14. Rc1 b5 15. Rhd1 b4 16. Nd5 Nxd5 17. exd5 Qxd5 18. c3 bxc3 19. Rxc3 Be6 20. b3 Nb5 21. Rcc1 e4 22. Bxc5 exf3 23. Bxf3 Qe5 24. d4 Qf5+ 25. Ka1 Rfd8 26. Qf2 Rbc8 0-1

[Event "Wch Seniors 65 26th"]
[Site "Marianske Lazne"]
[Date "2016.11.19"]
[Round "1"]
[White "Neckar, Lubomir"]
[Black "Bernhoeft, Erhard"]
[Result "1-0"]
[WhiteElo "2319"]
[BlackElo "1962"]
[PlyCount "71"]
[EventDate "2016.11.19"]
[EventType "swiss"]
[EventRounds "11"]
[EventCountry "CZE"]
[SourceTitle "CBM 175 Extra"]
[Source "ChessBase"]
[SourceDate "2016.12.12"]
[SourceVersion "1"]
[SourceVersionDate "2016.12.12"]
[SourceQuality "1"]

1. Nf3 g6 2. d4 Bg7 3. g3 c6 4. Bg2 d6 5. 0-0 Nf6 6. c4 0-0 7. Nc3 Qc7 8. e4 a5 9. Re1 Rd8 10. Bf4 Nh5 11. Be3 Nf6 12. h3 h6 13. Rc1 Nbd7 14. b3 Nb6 15. Qc2 Nbd7 16. e5 Ne8 17. e6 Nf8 18. exf7+ Kxf7 19. Nh4 Nf6 20. f4 e6 21. g4 Nxg4 22. hxg4 Qe7 23. g5 hxg5 24. fxg5 e5 25. Rf1+ Kg8 26. Nxg6 Qe6 27. Nxf8 Rxf8 28. Rxf8+ Kxf8 29. Rf1+ Kg8 30. d5 Qg4 31. Ne4 cxd5 32. cxd5 Qh4 33. Qf2 Qxf2+ 34. Rxf2 Bf8 35. Nf6+ Kh8 36. Be4 1-0

[Event "Wch Seniors 20th"]
[Site "Arco"]
[Date "2010.11.05"]
[Round "10"]
[White "Degtiarev, Viktor"]
[Black "Bernhoeft, Erhard"]
[Result "0-1"]
[WhiteElo "1867"]
[BlackElo "1991"]
[PlyCount "92"]
[EventDate "2010.10.26"]
[EventType "swiss"]
[EventRounds "11"]
[EventCountry "ITA"]
[SourceTitle "EXT 2011"]
[Source "ChessBase"]
[SourceDate "2010.11.26"]
[SourceVersion "1"]
[SourceVersionDate "2010.11.26"]
[SourceQuality "1"]

1. e4 c5 2. Nf3 Nc6 3. d4 cxd4 4. Nxd4 Qb6 5. Nxc6 bxc6 6. Nc3 e6 7. Bd3 Bb4 8. Bd2 Ba6 9. a3 Be7 10. Rb1 Bxd3 11. cxd3 d5 12. 0-0 Nf6 13. e5 Nd7 14. Re1 Nf8 15. Be3 Qc7 16. d4 Ng6 17. Na4 0-0 18. Qc2 Rac8 19. Rec1 Nh4 20. b4 Nf5 21. Rb3 Nxe3 22. fxe3 Bg5 23. Nb2 Qb6 24. Nd1 f6 25. Rc3 fxe5 26. Rxc6 Qb5 27. Nf2 Qxc6 28. Qxc6 Rxc6 29. Rxc6 Bxe3 30. Rc2 exd4 31. Re2 Rc8 32. g3 Rc3 33. Kg2 Bxf2 34. Kxf2 Kf7 35. Ra2 Rb3 36. Ke2 e5 37. Kd2 Ke6 38. Kc2 Rf3 39. Ra1 e4 40. a4 Kd6 41. a5 Kc6 42. a6 Rc3+ 43. Kb2 e3 44. Rd1 Rc4 45. Kb3 Kb5 46. h4 e2 0-1

[Event "Wch Seniors 20th"]
[Site "Arco"]
[Date "2010.10.29"]
[Round "4"]
[White "Van den Berg, Ad"]
[Black "Bernhoeft, Erhard"]
[Result "1-0"]
[WhiteElo "2202"]
[BlackElo "1991"]
[PlyCount "61"]
[EventDate "2010.10.26"]
[EventType "swiss"]
[EventRounds "11"]
[EventCountry "ITA"]
[SourceTitle "EXT 2011"]
[Source "ChessBase"]
[SourceDate "2010.11.26"]
[SourceVersion "1"]
[SourceVersionDate "2010.11.26"]
[SourceQuality "1"]

1. e4 c5 2. Nf3 Nc6 3. Bb5 Na5 4. c3 a6 5. Ba4 b5 6. Bc2 Qc7 7. 0-0 d6 8. b4 cxb4 9. cxb4 Nc6 10. a3 Bg4 11. Bb2 Rc8 12. Bb3 e6 13. d4 Nf6 14. d5 Ne5 15. Bxe5 dxe5 16. dxe6 fxe6 17. Nbd2 Rd8 18. Qb1 Be7 19. h3 Bh5 20. Bxe6 Rd6 21. Bb3 Qb7 22. Re1 Bg6 23. Nxe5 Rxd2 24. Nxg6 hxg6 25. e5 Nd5 26. Qxg6+ Kf8 27. Rad1 Rxd1 28. Rxd1 Qb6 29. Qf5+ Nf6 30. exf6 gxf6 31. Qg6 1-0

[Event "GER-ch Seniors 22nd"]
[Site "Berlin"]
[Date "2010.08.17"]
[Round "2"]
[White "Wiemer, Juergen"]
[Black "Bernhoeft, Erhard"]
[Result "1/2-1/2"]
[WhiteElo "2011"]
[BlackElo "1825"]
[PlyCount "113"]
[EventDate "2010.08.16"]
[EventType "swiss"]
[EventRounds "9"]
[EventCountry "GER"]
[SourceTitle "CBM 138 Extra"]
[Source "ChessBase"]
[SourceDate "2010.10.29"]
[SourceVersion "1"]
[SourceVersionDate "2010.10.29"]
[SourceQuality "1"]

1. e4 c5 2. c3 d6 3. d4 Nf6 4. Bd3 Nc6 5. Ne2 g6 6. a3 Bg7 7. b4 0-0 8. Nd2 cxd4 9. cxd4 Ng4 10. Nb3 Bd7 11. h3 Nf6 12. Be3 e6 13. 0-0 Ne7 14. f3 Ba4 15. Nc3 Bd7 16. Qd2 Rc8 17. Nc1 e5 18. N1e2 b6 19. Rfd1 Qc7 20. Rac1 Qb8 21. Bg5 Be6 22. Ba6 Rcd8 23. d5 Bc8 24. Bd3 Rd7 25. Bh6 Ne8 26. g4 Rd8 27. Ng3 Qb7 28. Kh2 Kh8 29. b5 Qd7 30. Na2 Ng8 31. Bxg7+ Kxg7 32. Nb4 h5 33. Nc6 h4 34. Ne2 Nh6 35. Rg1 Nf6 36. Nxd8 Rxd8 37. Rg2 Rh8 38. Ng1 Nhg8 39. Qe3 Ne8 40. Rgc2 Ne7 41. f4 exf4 42. Qxf4 f6 43. Nf3 g5 44. Qe3 Ng6 45. Rxc8 Nf4 46. Nd4 Ng6 47. Ne6+ Kh6 48. Rd8 Qe7 49. Rcc8 Nf4 50. Bc4 Ng6 51. Qd4 Ne5 52. Qf2 Rg8 53. Qf5 Nxc4 54. Rxc4 Ng7 55. Rxg8 Nxf5 56. Rh8+ Kg6 57. exf5+ 1/2-1/2

[Event "EU-chT Seniors 12th"]
[Site "Dresden"]
[Date "2010.02.17"]
[Round "8"]
[White "Hallerod, Ralph"]
[Black "Bernhoeft, Erhard"]
[Result "1-0"]
[WhiteElo "2165"]
[BlackElo "2024"]
[PlyCount "87"]
[EventDate "2010.02.10"]
[EventType "team-swiss"]
[EventRounds "9"]
[EventCountry "GER"]
[SourceTitle "CBM 134 Extra"]
[Source "ChessBase"]
[SourceDate "2010.03.03"]
[SourceVersion "1"]
[SourceVersionDate "2010.03.03"]
[SourceQuality "1"]
[WhiteTeam "Sweden (Seniors)"]
[BlackTeam "Brandenburg Seniors"]
[WhiteTeamCountry "SWE"]
[BlackTeamCountry "GER"]

1. b4 e5 2. Bb2 Bd6 3. g3 Qe7 4. a3 c6 5. c4 Nf6 6. Bg2 Bc7 7. e4 0-0 8. Ne2 d6 9. 0-0 Bg4 10. f3 Be6 11. d3 Qd7 12. Nd2 Bh3 13. d4 Bxg2 14. Kxg2 a5 15. Qb3 a4 16. Qc3 Qe7 17. dxe5 dxe5 18. c5 Re8 19. Nc4 Nbd7 20. g4 h5 21. g5 Nh7 22. f4 f6 23. g6 Nhf8 24. f5 b6 25. cxb6 Bxb6 26. Nxb6 Nxb6 27. Rf3 Rac8 28. Rh3 c5 29. Qf3 Nxg6 30. fxg6 Qe6 31. Qxh5 Kf8 32. Qh8+ Qg8 33. bxc5 Rxc5 34. Bc3 Qxh8 35. Rxh8+ Ke7 36. Bb4 Rxh8 37. Bxc5+ Ke6 38. Bxb6 Rh6 39. Rb1 Rxg6+ 40. Ng3 Kd7 41. Be3 f5 42. exf5 Rc6 43. Rc1 Rd6 44. Rc2 1-0

[Event "EU-chT Seniors 12th"]
[Site "Dresden"]
[Date "2010.02.15"]
[Round "6"]
[White "Fritsch, Juergen"]
[Black "Bernhoeft, Erhard"]
[Result "1/2-1/2"]
[WhiteElo "1949"]
[BlackElo "2024"]
[PlyCount "46"]
[EventDate "2010.02.10"]
[EventType "team-swiss"]
[EventRounds "9"]
[EventCountry "GER"]
[SourceTitle "CBM 134 Extra"]
[Source "ChessBase"]
[SourceDate "2010.03.03"]
[SourceVersion "1"]
[SourceVersionDate "2010.03.03"]
[SourceQuality "1"]
[WhiteTeam "Niedersachsen (Seniors)"]
[BlackTeam "Brandenburg Seniors"]
[WhiteTeamCountry "GER"]
[BlackTeamCountry "GER"]

1. e4 c5 2. Nf3 Nc6 3. Bb5 Na5 4. 0-0 a6 5. Be2 e6 6. d4 cxd4 7. Nxd4 Qc7 8. Nc3 Nf6 9. Bg5 Be7 10. f4 h6 11. Bxf6 gxf6 12. Kh1 Nc4 13. Bxc4 Qxc4 14. Nce2 b5 15. b3 Qc7 16. a4 b4 17. Qd3 Bb7 18. Rac1 d5 19. exd5 Bxd5 20. c4 Bb7 21. Qh3 Qc5 22. Rcd1 Rg8 23. Ng3 Rd8 1/2-1/2

[Event "EU-chT Seniors 12th"]
[Site "Dresden"]
[Date "2010.02.13"]
[Round "4"]
[White "Braun, Gottfried"]
[Black "Bernhoeft, Erhard"]
[Result "1-0"]
[WhiteElo "2215"]
[BlackElo "2024"]
[PlyCount "99"]
[EventDate "2010.02.10"]
[EventType "team-swiss"]
[EventRounds "9"]
[EventCountry "GER"]
[SourceTitle "CBM 134 Extra"]
[Source "ChessBase"]
[SourceDate "2010.03.03"]
[SourceVersion "1"]
[SourceVersionDate "2010.03.03"]
[SourceQuality "1"]
[WhiteTeam "Leipzig (Seniors)"]
[BlackTeam "Brandenburg Seniors"]
[WhiteTeamCountry "GER"]
[BlackTeamCountry "GER"]

1. e4 c5 2. c3 d6 3. d4 Nf6 4. Bd3 e5 5. dxe5 dxe5 6. Nf3 Qc7 7. Bg5 Be7 8. Nbd2 0-0 9. 0-0 Bg4 10. Nc4 Rd8 11. Qe2 Nc6 12. Bxf6 Bxf6 13. Rfd1 Ne7 14. Ne3 Be6 15. Bc4 Bxc4 16. Qxc4 Qb6 17. b3 Rac8 18. h3 Rxd1+ 19. Rxd1 Qc6 20. a4 Ng6 21. Nd5 Bd8 22. Qb5 h6 23. Nd2 a6 24. Qxc6 Rxc6 25. Nc4 Rc8 26. a5 Rb8 27. Kf1 f6 28. g3 Nf8 29. Ke2 Ne6 30. Ke3 Kf7 31. f4 exf4+ 32. gxf4 g5 33. fxg5 hxg5 34. h4 gxh4 35. Rh1 f5 36. Nd6+ Kf8 37. Nxf5 Bg5+ 38. Kf3 c4 39. b4 Re8 40. Nxh4 Kg8 41. Nf5 Rf8 42. Kg4 Bd8 43. Rh6 Ng5 44. Rg6+ Kf7 45. Rg7+ Ke6 46. Nf4+ Ke5 47. Ng6+ Kf6 48. e5+ Ke6 49. Nd4+ Kd5 50. Rd7+ 1-0

[Event "EU-chT Seniors 12th"]
[Site "Dresden"]
[Date "2010.02.11"]
[Round "2"]
[White "Nautsch, Werner"]
[Black "Bernhoeft, Erhard"]
[Result "1-0"]
[WhiteElo "2229"]
[BlackElo "2024"]
[PlyCount "103"]
[EventDate "2010.02.10"]
[EventType "team-swiss"]
[EventRounds "9"]
[EventCountry "GER"]
[SourceTitle "CBM 134 Extra"]
[Source "ChessBase"]
[SourceDate "2010.03.03"]
[SourceVersion "1"]
[SourceVersionDate "2010.03.03"]
[SourceQuality "1"]
[WhiteTeam "Katernberg (Seniors)"]
[BlackTeam "Brandenburg Seniors"]
[WhiteTeamCountry "GER"]
[BlackTeamCountry "GER"]

1. d4 g6 2. c4 c6 3. Nc3 d6 4. e4 Bg7 5. Be3 a6 6. Qd2 b5 7. Rc1 Nf6 8. f3 h5 9. Bd3 h4 10. Nge2 Bb7 11. 0-0 Nbd7 12. b3 Rc8 13. Bg5 Qb6 14. Kh1 h3 15. g3 Nf8 16. Be3 Qd8 17. Rcd1 Qc7 18. d5 b4 19. Na4 c5 20. g4 N8d7 21. g5 Nh5 22. f4 e6 23. Rf3 e5 24. f5 Nf4 25. f6 Bf8 26. Nxf4 exf4 27. Bxf4 Ne5 28. Bxe5 dxe5 29. Qe3 Rd8 30. Rxh3 Rxh3 31. Qxh3 Bc8 32. Qg3 Bd6 33. Nb2 Qa5 34. Bb1 Kd7 35. Qh4 Re8 36. Nd3 Qd8 37. Qf2 Qc7 38. Rg1 Rh8 39. Bc2 Ke8 40. Bd1 Bd7 41. Bg4 Bxg4 42. Rxg4 Rh5 43. Rh4 Rxg5 44. Rh8+ Bf8 45. Qxc5 Qxc5 46. Nxc5 Rh5 47. Rxh5 gxh5 48. Nxa6 Kd7 49. c5 Kc8 50. Nxb4 Bxc5 51. Nd3 Bd4 52. Kg2 1-0

[Event "GER-chT Seniors 18th"]
[Site "Finsterbergen"]
[Date "2009.09.16"]
[Round "5"]
[White "Bernhoeft, Erhard"]
[Black "Limberg, Siegfried"]
[Result "1/2-1/2"]
[WhiteElo "2005"]
[BlackElo "2132"]
[PlyCount "47"]
[EventDate "2009.09.12"]
[EventType "team-swiss"]
[EventRounds "7"]
[EventCountry "GER"]
[SourceTitle "CBM 132 Extra"]
[Source "ChessBase"]
[SourceDate "2009.11.03"]
[SourceVersion "1"]
[SourceVersionDate "2009.11.03"]
[SourceQuality "1"]

1. Nf3 c5 2. c4 Nc6 3. g3 g6 4. Nc3 Bg7 5. Bg2 Nf6 6. 0-0 0-0 7. d3 d6 8. h3 Rb8 9. Bg5 h6 10. Be3 Bd7 11. d4 cxd4 12. Nxd4 Nxd4 13. Bxd4 b6 14. Rc1 Rc8 15. b3 Bc6 16. e4 Nh5 17. Bxg7 Nxg7 18. Qd2 Kh7 19. Rcd1 Qc7 20. Rde1 a6 21. Rc1 Qb7 22. Rfe1 b5 23. cxb5 axb5 24. Nd5 1/2-1/2

[Event "GER-chT Seniors 18th"]
[Site "Finsterbergen"]
[Date "2009.09.12"]
[Round "1"]
[White "Bernhoeft, Erhard"]
[Black "Mueller, Lutz"]
[Result "1/2-1/2"]
[WhiteElo "2005"]
[BlackElo "2058"]
[PlyCount "176"]
[EventDate "2009.09.12"]
[EventType "team-swiss"]
[EventRounds "7"]
[EventCountry "GER"]
[SourceTitle "CBM 132 Extra"]
[Source "ChessBase"]
[SourceDate "2009.11.03"]
[SourceVersion "1"]
[SourceVersionDate "2009.11.03"]
[SourceQuality "1"]

1. g3 d5 2. Bg2 Nf6 3. c4 e5 4. cxd5 Nxd5 5. Nf3 Nc6 6. d3 Be7 7. Bd2 0-0 8. 0-0 Be6 9. Nc3 f5 10. Qc1 Kh8 11. Re1 Nb6 12. h4 f4 13. Ne4 Bd5 14. gxf4 Bxe4 15. dxe4 Bxh4 16. f5 Bf6 17. Be3 Nd7 18. Rd1 Qe7 19. Qc4 Nb6 20. Qc2 Rfd8 21. Bc5 Qf7 22. b3 Nd7 23. Be3 Rac8 24. Rac1 Nb4 25. Qb2 Nc6 26. Rd2 Qe7 27. Rcd1 Nb6 28. Rxd8+ Rxd8 29. Rxd8+ Qxd8 30. Qd2 Qxd2 31. Bxd2 h6 32. Bc3 Kg8 33. Ne1 Kf7 34. Nd3 Nd7 35. Bf3 Ke7 36. Bb2 b6 37. Ba3+ Kd8 38. e3 Be7 39. Bb2 Bf6 40. Bh5 a5 41. Bc3 Ke7 42. Kf1 Na7 43. Ke1 Nb5 44. Bb2 Nd6 45. f3 c5 46. Bc3 Nb8 47. Kd2 Nc6 48. Bb2 c4 49. Nc1 b5 50. Ke2 b4 51. bxc4 Nxc4 52. Ba1 Nxe3 53. Nb3 Ng2 54. Bg6 h5 55. Nc5 Nf4+ 56. Kf2 h4 57. Nb7 h3 58. Kg3 Bh4+ 59. Kh2 Bf2 60. Nxa5 Nxa5 61. Bxe5 Nxg6 62. fxg6 Be3 63. Bxg7 Nc6 64. Kxh3 Bd4 65. Bh6 Kf6 66. f4 Kxg6 67. Bf8 Bc3 68. Kg4 Kf7 69. Bd6 Ke6 70. Bf8 Ne7 71. f5+ Kf7 72. Bh6 Nc6 73. Be3 Ne5+ 74. Kg5 Bd2 75. Bxd2 Nf3+ 76. Kf4 Nxd2 77. Ke3 Nc4+ 78. Kd4 Nd2 79. Kc5 Nxe4+ 80. Kxb4 Kf6 81. a4 Kxf5 82. a5 Nd6 83. a6 Nc8 84. Kc5 Ke6 85. Kc6 Na7+ 86. Kb6 Kd7 87. Kxa7 Kc7 88. Ka8 Kc8 1/2-1/2

[Event "Brandenburg-ch Seniors 18th"]
[Site "Rowy"]
[Date "2009.06.30"]
[Round "9"]
[White "Bernhoeft, Erhard"]
[Black "Rehder, Frank"]
[Result "1-0"]
[WhiteElo "1891"]
[BlackElo "1724"]
[PlyCount "51"]
[EventDate "2009.06.22"]
[EventType "swiss"]
[EventRounds "9"]
[EventCountry "POL"]
[SourceTitle "EXT 2022"]
[Source "ChessBase"]
[SourceDate "2021.10.06"]
[SourceVersion "1"]
[SourceVersionDate "2021.10.06"]
[SourceQuality "1"]

1. Nf3 Nf6 2. g3 b6 3. Bg2 Bb7 4. d3 d6 5. 0-0 g6 6. Nc3 Bg7 7. Bg5 Nbd7 8. Rc1 0-0 9. Qd2 Re8 10. Bh6 Bh8 11. h3 e5 12. Bg5 Nc5 13. e4 Ne6 14. Be3 c5 15. Ng5 Nd4 16. f4 exf4 17. Rxf4 h6 18. Nxf7 Kxf7 19. Rcf1 g5 20. R4f2 Kg6 21. h4 Ng4 22. h5+ Kxh5 23. Qd1 Bc8 24. Bh3 Be5 25. Bxg4+ Kg6 26. Bh5+ 1-0

[Event "Brandenburg-ch Seniors 18th"]
[Site "Rowy"]
[Date "2009.06.29"]
[Round "8"]
[White "Olejarczyk, Bogdan"]
[Black "Bernhoeft, Erhard"]
[Result "1-0"]
[WhiteElo "1947"]
[BlackElo "1891"]
[PlyCount "63"]
[EventDate "2009.06.22"]
[EventType "swiss"]
[EventRounds "9"]
[EventCountry "POL"]
[SourceTitle "EXT 2022"]
[Source "ChessBase"]
[SourceDate "2021.10.06"]
[SourceVersion "1"]
[SourceVersionDate "2021.10.06"]
[SourceQuality "1"]

1. d4 g6 2. Nf3 d6 3. Bf4 Bg7 4. e3 Nf6 5. h3 0-0 6. Be2 Nbd7 7. 0-0 b6 8. c4 c5 9. Nc3 Bb7 10. d5 a6 11. a4 Qc7 12. Qc2 Rfe8 13. Rad1 Rad8 14. Rfe1 Nf8 15. Ng5 h6 16. Nge4 N6d7 17. Bh2 f5 18. Nd2 Bc8 19. e4 f4 20. Bxf4 g5 21. Bh2 Nf6 22. e5 dxe5 23. Nde4 Nxe4 24. Nxe4 Nh7 25. Nc3 Rf8 26. Bd3 Nf6 27. Bxe5 Qd7 28. Re3 Nh5 29. Bh7+ Kh8 30. Bxg7+ Kxg7 31. Qg6+ Kh8 32. Qxh6 1-0

[Event "GER-ch Seniors-A 20th"]
[Site "Erfurt"]
[Date "2008.08.09"]
[Round "5"]
[White "Bernhoeft, Erhard"]
[Black "Hoose, Hannelore"]
[Result "1-0"]
[WhiteElo "1934"]
[BlackElo "1564"]
[PlyCount "123"]
[EventDate "2008.08.05"]
[EventType "swiss"]
[EventRounds "9"]
[EventCountry "GER"]
[SourceTitle "CBM 126 Extra"]
[Source "ChessBase"]
[SourceDate "2008.11.05"]
[SourceVersion "1"]
[SourceVersionDate "2008.11.05"]
[SourceQuality "1"]

1. Nf3 Nf6 2. g3 g6 3. b3 c5 4. Bb2 Bg7 5. Bg2 0-0 6. 0-0 Nc6 7. d3 d6 8. Nbd2 Bg4 9. h3 Bd7 10. c4 Qc8 11. h4 a5 12. Qc2 Nb4 13. Qc1 Nc6 14. Ng5 a4 15. Re1 h6 16. Nge4 axb3 17. Nxf6+ Bxf6 18. Bxf6 exf6 19. Ne4 f5 20. Nxd6 Qc7 21. Nb5 Qe5 22. axb3 Rfe8 23. Rxa8 Rxa8 24. Qxh6 Na5 25. Bd5 Bxb5 26. Qxg6+ Qg7 27. Qxg7+ Kxg7 28. cxb5 Rd8 29. e4 Re8 30. Ra1 b6 31. f4 fxe4 32. dxe4 f6 33. Kf2 Rd8 34. g4 Rd6 35. Rb1 Rd8 36. Ke3 Rd6 37. b4 cxb4 38. Rxb4 Rd8 39. f5 Rh8 40. h5 Kh6 41. Kf4 Rc8 42. e5 fxe5+ 43. Kxe5 Kg5 44. f6 Re8+ 45. Be6 Nb7 46. f7 Rf8 47. Bd5 Nd8 48. Rf4 Kh6 49. Rf6+ Kg7 50. h6+ Kh8 51. g5 Kh7 52. Kd6 Nxf7+ 53. Rxf7+ Rxf7 54. Bxf7 Kh8 55. Bd5 Kh7 56. Be4+ Kg8 57. g6 Kh8 58. g7+ Kg8 59. Bd5+ Kh7 60. g8Q+ Kxh6 61. Qg4 Kh7 62. Bf7 1-0

[Event "Brandenburg Seniors op 16th"]
[Site "Rowy"]
[Date "2007.06.24"]
[Round "6"]
[White "Bernhoeft, Erhard"]
[Black "Hoppe, Rainer"]
[Result "1-0"]
[WhiteElo "2028"]
[BlackElo "1962"]
[PlyCount "147"]
[EventDate "2007.06.18"]
[EventType "swiss"]
[EventRounds "9"]
[EventCountry "POL"]
[SourceTitle "EXT 2011"]
[Source "ChessBase"]
[SourceDate "2010.11.26"]
[SourceVersion "1"]
[SourceVersionDate "2010.11.26"]
[SourceQuality "1"]

1. Nf3 Nf6 2. g3 d6 3. d4 Nbd7 4. Bg2 e5 5. e3 c6 6. 0-0 g6 7. b3 Bg7 8. dxe5 dxe5 9. Bb2 Qc7 10. Ba3 c5 11. Nc3 a6 12. Qd2 0-0 13. Rad1 Rb8 14. Nd5 Nxd5 15. Qxd5 b5 16. Qd6 Qa7 17. Bh3 Rb6 18. Qe7 Rb7 19. Qd6 b4 20. Bb2 Re8 21. Ng5 Rb6 22. Qd2 Nf8 23. Bg2 Bb7 24. Ne4 Qa8 25. f3 Bxe4 26. fxe4 Qc8 27. Qd5 Qc7 28. Bh3 Ne6 29. Qd7 Re7 30. Qd5 Ng5 31. Bg2 Ne6 32. Rf2 Rc6 33. c4 Nf8 34. Rdf1 Ne6 35. Rd2 Nf8 36. Qd8 Qxd8 37. Rxd8 f6 38. Bh3 Kf7 39. Rd5 Ke8 40. a3 a5 41. axb4 axb4 42. Ra1 Rec7 43. Ra5 Ke7 44. Bc1 Ne6 45. Bd2 Ng5 46. Bg2 Ne6 47. Be1 Bh6 48. Bf2 Bg7 49. h4 h5 50. Bh3 Bh6 51. g4 hxg4 52. Bxg4 Bg7 53. Kg2 Nd8 54. h5 gxh5 55. Bxh5 Ne6 56. Bh4 Bh8 57. Rxe5 Rd6 58. Rd5 Rxd5 59. exd5 Ng5 60. Bg3 Rc8 61. Bg4 Rg8 62. d6+ Kf7 63. Ra7+ Kg6 64. Re7 f5 65. Bf3 Bf6 66. Bd5 Rd8 67. Rc7 Ne4 68. Bf7+ Kg5 69. Bf4+ Kg4 70. d7 Nd2 71. Bd5 Nxb3 72. Rc6 Rf8 73. Rxf6 Rxf6 74. d8Q 1-0

[Event "GER-chT Seniors 15th"]
[Site "Bad Blankenburg"]
[Date "2006.09.08"]
[Round "6.2"]
[White "Fleischer, Martin"]
[Black "Bernhoeft, Erhard"]
[Result "0-1"]
[WhiteElo "1938"]
[BlackElo "2063"]
[PlyCount "105"]
[EventDate "2006.09.03"]
[EventType "team-swiss"]
[EventRounds "7"]
[EventCountry "GER"]
[SourceTitle "CBM 114 Extra"]
[Source "ChessBase"]
[SourceDate "2006.11.03"]
[SourceVersion "1"]
[SourceVersionDate "2006.11.03"]
[SourceQuality "1"]

1. e4 c5 2. Nf3 e6 3. c3 Nf6 4. Qc2 Nc6 5. a3 Be7 6. d4 d5 7. e5 Nd7 8. Bd3 g6 9. Qe2 Qb6 10. dxc5 Nxc5 11. Bc2 Nb3 12. Bxb3 Qxb3 13. Nd4 Nxd4 14. cxd4 Bd7 15. Nc3 Rc8 16. 0-0 Rxc3 17. bxc3 Bb5 18. Qd1 Qxc3 19. Bh6 Bxf1 20. Rc1 Qd3 21. Qa4+ Qb5 22. Qxa7 Bc4 23. Qb8+ Bd8 24. Bg5 Kd7 25. Qd6+ Kc8 26. Bd2 Re8 27. a4 Qb6 28. Qa3 Be7 29. Qa1 Kd7 30. a5 Qc6 31. Rb1 Ra8 32. Qc3 Ba2 33. Rb2 Qxc3 34. Bxc3 Bc4 35. Rxb7+ Ke8 36. Rb1 Bd8 37. Ra1 Kd7 38. g3 Kc6 39. Kg2 Ra7 40. h4 Kb5 41. Kf3 Bxa5 42. Kf4 h6 43. Rb1+ Kc6 44. Ra1 Bb6 45. Rxa7 Bxa7 46. Ke3 Bb6 47. f4 h5 48. Bb2 Kb5 49. Kf3 Bb3 50. Ke3 Kc4 51. Ba1 Ba5 52. f5 exf5 53. Bb2 0-1

[Event "GER-chT Seniors 15th"]
[Site "Bad Blankenburg"]
[Date "2006.09.07"]
[Round "5.2"]
[White "Bernhoeft, Erhard"]
[Black "Kirmas, Joachim"]
[Result "1/2-1/2"]
[WhiteElo "2063"]
[BlackElo "2141"]
[PlyCount "26"]
[EventDate "2006.09.03"]
[EventType "team-swiss"]
[EventRounds "7"]
[EventCountry "GER"]
[SourceTitle "CBM 114 Extra"]
[Source "ChessBase"]
[SourceDate "2006.11.03"]
[SourceVersion "1"]
[SourceVersionDate "2006.11.03"]
[SourceQuality "1"]

1. Nf3 Nf6 2. g3 g6 3. b3 Bg7 4. Bb2 0-0 5. Bg2 c5 6. 0-0 Nc6 7. c4 d5 8. cxd5 Nxd5 9. Bxg7 Kxg7 10. Nc3 Nxc3 11. dxc3 Qc7 12. Qc2 Bd7 13. Rad1 Rad8 1/2-1/2

[Event "GER-chT Seniors 15th"]
[Site "Bad Blankenburg"]
[Date "2006.09.05"]
[Round "3.2"]
[White "Bernhoeft, Erhard"]
[Black "Habermann, Arno"]
[Result "1/2-1/2"]
[WhiteElo "2063"]
[BlackElo "2140"]
[PlyCount "120"]
[EventDate "2006.09.03"]
[EventType "team-swiss"]
[EventRounds "7"]
[EventCountry "GER"]
[SourceTitle "CBM 114 Extra"]
[Source "ChessBase"]
[SourceDate "2006.11.03"]
[SourceVersion "1"]
[SourceVersionDate "2006.11.03"]
[SourceQuality "1"]

1. Nf3 Nf6 2. g3 d5 3. Bg2 c6 4. b3 Nbd7 5. Bb2 Qc7 6. d4 e6 7. Nbd2 Be7 8. 0-0 0-0 9. c4 Qa5 10. a3 b5 11. Qc2 Ba6 12. Rfc1 Rac8 13. c5 Qc7 14. b4 Rce8 15. Re1 Bb7 16. Bc3 a6 17. h3 h6 18. Ne5 Nxe5 19. dxe5 Nd7 20. f4 a5 21. Nf3 Ra8 22. Nd4 axb4 23. axb4 Rfe8 24. Qb2 Nf8 25. Nb3 Ra4 26. Na5 Ba6 27. Kh2 Ra8 28. Bf3 Bd8 29. Qc2 Rxa1 30. Rxa1 Bc8 31. Qb2 Bd7 32. e3 Ng6 33. Bd1 Ne7 34. g4 Be8 35. Nb3 Qb7 36. Bc2 g6 37. Nd4 Bc7 38. Be1 Ra6 39. Bh4 Kf8 40. Bg3 Qa8 41. Rxa6 Qxa6 42. f5 gxf5 43. gxf5 Bd7 44. fxe6 Bxe6 45. Nxe6+ fxe6 46. Bf4 Ke8 47. Bxh6 Kd7 48. Bf4 Qa8 49. Bd3 Qh8 50. Bg3 Qh5 51. Qd4 Qd1 52. h4 Ng8 53. Bh7 Qe2+ 54. Kh3 Qf1+ 55. Kh2 Qe2+ 56. Kg1 Ne7 57. Qf4 Qh5 58. Bc2 Qe2 59. Bh7 Qh5 60. Bc2 Qe2 1/2-1/2